La sueñera / (Registro nro. 2467)
[ vista simple ]
| 000 -LEADER | |
|---|---|
| fixed length control field | 00894nam a2200205 a 4500 |
| 008 - CAMPO DE CONTROL (LIBRO) | |
| fixed length control field | t1984 ag |||g |||| 000 0 spa d |
| 020 ## - INTERNATIONAL STANDARD BOOK NUMBER | |
| ISBN | 9505470347 |
| 041 ## - CODIGO DE IDIOMA | |
| Código de idioma del texto/pista de sonido o título separado | spa |
| 092 ## - SIGNATURA TOPOGRAFICA DEWEY LOCAL | |
| número de clasificación | 808.068 |
| libristica | 78 |
| sección | SHU |
| 100 1# - ENTRADA PRINCIPAL--NOMBRE PERSONAL | |
| Nombre personal | Shua, Ana Maria |
| 9 (RLIN) | 2936 |
| 245 #3 - TITULO PROPIAMENTE DICHO | |
| Título | La sueñera / |
| Mención de responsabilidad y remanente de la transcripción de la portada | Ana Maria Shua |
| 250 ## - MENCION DE EDICION | |
| Mención de edición | 1a ed. |
| 260 ## - PIE DE IMPRENTA | |
| Lugar de publicación, distribución, etc | Buenos Aires: |
| Nombre de la editorial, distribuidor, etc | Minotauro; |
| Fecha de publicación | 1984. |
| 300 ## - DESCRIPCION FISICA | |
| Extension | 109 p. |
| 500 ## - NOTA GENERAL | |
| Nota general | Shua, A. M. (1984). La sueñera. (1a ed.). Buenos Aires : Minotauro. |
| 505 ## - NOTA DE CONTENIDO | |
| Nota de contenido formateada | Un lector compra La sueñera, un libro que contiene 250 textos. Esa noche alcanza a leer los cinco primeros. En el sexto se queda dormido. Palabra por palabra, punto por punto, sueña los 244 restantes. Pero nunca lo sabrá. Por eso vuelve al libro todas las noches. Lo mismo le sucederá a usted. |
| 590 ## - NOTAS LOCALES (RLIN) | |
| Nota local | Donación Quadrini Liliana. Proyecto Literatura 4to libro |
| 655 ## - MATERIA - GENERO/FORMA | |
| Género/Forma | Cuentos |
| -- | 2945 |
| 942 ## - ADDED ENTRY ELEMENTS (KOHA) | |
| Source of classification or shelving scheme | Dewey Decimal Classification |
| Item type | LITERATURA |
| Estado de retiro | Existencia | Fuente de clasificación | Estado general | No para prestamo | Colección | Ubicación permanente | ubicación actual | Sala de ubicación | Fecha de adquisición | Fuente de adquisición | Total Checkouts | Número de clasificación | Código de barras | Date last seen | Número de ejemplar | Price effective from | Koha tipo de elemento (item) | Public note |
|---|---|---|---|---|---|---|---|---|---|---|---|---|---|---|---|---|---|---|
| Dewey Decimal Classification | Non-fiction | Biblioteca Medicina | Biblioteca Medicina | Circulación | 25/09/2017 | Donacion Quadrini Liliana .Proyecto 4to libro setiembre 2017. | 808.068 78 SHU | 3940 | 25/09/2017 | EJ.1 | 25/09/2017 | LITERATURA | Proyecto 4to libro. Donación Quadrini Liliana, septiembre 2017. |